La fijación de tarifas para servicios públicos esenciales frente a los derechos de los usuarios (Registro nro. 32402)

Detalles MARC
000 -LEADER
fixed length control field 00429 a2200121 4500
001 - CONTROL NUMBER
control field ART_46403
005 - DATE AND TIME OF LATEST TRANSACTION
control field 20260410162013.0
008 - FIXED-LENGTH DATA ELEMENTS--GENERAL INFORMATION
fixed length control field 260409a
100 1# - MAIN ENTRY--PERSONAL NAME
Personal name Mielnicki, Diego
245 10 - TITLE STATEMENT
Title La fijación de tarifas para servicios públicos esenciales frente a los derechos de los usuarios
700 1# - ADDED ENTRY--PERSONAL NAME
Personal name Roitman, Facundo J.
773 0# - HOST ITEM ENTRY
Title Temas de derecho administrativo
Related parts - Año 3, N° 6 (jun. 2018)
Record control number REV40468

No hay ítems disponibles.